Klikaním k plnej chladničke

Rastúci trend online predaja v oblasti nákupu potravín na Slovensku. Štatistický prehľad zameraný na vekovú kategóriu, pohlavie a typ zákazníka. Výhody nakupovania potravín cez internet. Stručný opis systému predaja.

Na minha lista:
Detalhes bibliográficos
Autor principal: Mikulcová, Katarína
Formato: Capítulo de Livro
Idioma:eslovaco
Assuntos:
Tags: Adicionar Tag
Sem tags, seja o primeiro a adicionar uma tag!

MARC

LEADER 00000naa a2200000 4500
001 0242783
005 20180511135003.5
041 0 |a slo 
044 |a SK 
245 1 0 |a Klikaním k plnej chladničke  |c Katarína Mikulcová 
520 |a Rastúci trend online predaja v oblasti nákupu potravín na Slovensku. Štatistický prehľad zameraný na vekovú kategóriu, pohlavie a typ zákazníka. Výhody nakupovania potravín cez internet. Stručný opis systému predaja. 
610 2 0 |a obchod elektronický 
610 2 0 |a spokojnosť zákazníkov 
610 2 0 |a potraviny 
610 2 0 |a analýza štatistická 
610 2 0 |a Slovensko 
100 1 |a Mikulcová, Katarína